000 00442cam a22001097a 4500
008 180718b1947 xxu||||| |||| 00| 0 eng d
082 _aR2203x5452 M267r/1946
245 _aReport on the working of the payment of wages act in the province of Madras
_cby Department of Industries , Labour and Co-Operation
260 _aNew Delhi
_bGovernment of India
_c1947
300 _a58p
700 _aIndia.. Department of Industries , Labour and Co-Operation
999 _c496004
_d496004